| 000 | 01114nam0a2200301 4500 | ||
|---|---|---|---|
| 001 | RU\NLR\bibl\1248046 | ||
| 005 | 20260405160440.0 | ||
| 010 |
_a978-5-317-02313-3 _9100 |
||
| 021 |
_aRU _b2008-35936 _91977 |
||
| 035 | _a(NLR Aleph) 001234184 | ||
| 090 |
_a217526 _c217526 |
||
| 100 | _a20080702d2008 |||y0rusy50 ca | ||
| 101 | 0 | _arus | |
| 102 | _aRU | ||
| 105 | _aa ||||||||| | ||
| 200 | 1 |
_aЛюбовью побеждая _e[сборник] _fН.С. Чернышова |
|
| 210 |
_aМосква _cМАКС Пресс _d2008 |
||
| 215 |
_a66, [1] с. _cил. _d21 |
||
| 606 | 1 |
_aСемейное воспитание _xРоль матери _92519115 _3RU\NLR\auth\661492887 |
|
| 606 | 1 |
_aЛеворукие дети _xВоспитание в семье _92466314 _3RU\NLR\auth\661465133 |
|
| 686 | _aЧ491.0я44 | ||
| 686 | _aЧ491.7я44 | ||
| 700 | 1 |
_4070 _8rus _7ca _aЧернышова _bН. С. _cканд. пед. наук _gНина Степановна _3RU\NLR\auth\7767077 _950005 |
|
| 801 | 0 |
_aRU _bNLR _c20080702 _gRCR |
|
| 801 | 1 |
_aRU _bNLR _c20080702 |
|
| 942 | _cBOOK | ||
| 980 | _aNB | ||